000
00208nam a2200097Ia 4500
008
120527s9999 xx 000 0 und d
100
_a
Marshall,K.
245
_a
Package deals.
260
_b
I.T.P
942
_c
BK
999
_c
22561
_d
22561